Strindberg's naturalistic theatre : its relation to French naturalism.

Bibliographic Details
Main Author: Madsen, Borge Geds
Format: Book
Language:English
Published: Seattle : University of Washington Press, 1962.
Subjects:

MARC

Tag First Indicator Second Indicator Subfields
LEADER 00000cam a2200000 4500
001 in00000025551
005 20151007062500.0
008 761020s1962 wau b 00000 eng
010 |a  62013651  
035 |a (OCoLC)02516718 
035 |9 AAD5009AM 
040 |a DLC  |c OHI  |d TXA  |d UtOrBLW 
049 |a TXAM  |c [353553] 
050 0 0 |a PT9816  |b .M28 
082 0 |a 839.726 
092 |a 839  |b S918Ym, 1962 
100 1 |a Madsen, Borge Geds. 
245 1 0 |a Strindberg's naturalistic theatre :  |b its relation to French naturalism. 
264 1 |a Seattle :  |b University of Washington Press,  |c 1962. 
300 |a 192 pages ;  |c 21 cm. 
336 |a text  |b txt  |2 rdacontent 
337 |a unmediated  |b n  |2 rdamedia 
338 |a volume  |b nc  |2 rdacarrier 
500 |a "Substantially the same as...[the author's doctoral dissertation: The impact of French naturalists and psychologists on August Strindberg's plays of the 1880's and early 1890's...[with] additional material." 
504 |a Bibliography: pages [178]-186. 
600 1 0 |a Strindberg, August,  |d 1849-1912. 
650 0 |a Naturalism in literature. 
650 0 |a French literature  |y 19th century  |x History and criticism. 
999 |a MARS 
999 f f |s 416f6b9f-72b0-39d6-8519-204f9ff1da3a  |i 26d7e20c-4ea4-336d-bb68-2f1f8e3004aa  |t 0 
952 f f |p normal  |a Texas A&M University  |b College Station  |c Sterling C. Evans Library  |d Evans: Library Stacks  |t 0  |e PT9816 .M28  |h Library of Congress classification  |i unmediated -- volume  |m A14801359700 
998 f f |a PT9816 .M28  |t 0  |l Evans: Library Stacks